ADA

Detalles Bibliográficos
Nuevo Título:ADA magazine online
Título anterior:Air defense artillery
Autor Corporativo: U.S. Army Air Defense Artillery School
Formato: Documento de Gobierno Electrónico Revista
Lenguaje:inglés
Publicado: Fort Bliss, TX : U.S. Army Air Defense Artillery School
Colección:PB (United States. Army)
Materias:
Acceso en línea:Full text available from Research Library: 10/01/1997 to 10/31/1997

MARC

LEADER 00000nas a2200000 a 4500
001 ssj0004506
003 WaSeSS
005 20200512172242.0
006 m d
007 cr n
008 910705d199u1997txuqr p s f0 a0eng c
010 |a  96647189   |z sn 91023558  
022 |l 1084-6700  |y 1084-6700 
032 |a 013291  |b USPS 
035 |a (WaSeSS)ssj0004506 
040 |a GPO  |b eng  |c GPO  |d NSD  |d DLC  |d GPO  |d NSD  |d GPO  |d EBZ  |d GPO  |d OCLCQ  |d OCLCF  |d IUL  |d WaSeSS 
042 |a pcc  |a nsdp 
043 |a n-us--- 
050 0 0 |a UG730  |b .A36 
074 |a 0330-C-01 
074 |a 0330-C-01 (online) 
082 0 0 |a 358.4/145/0973  |2 19 
086 0 |a D 101.77: 
130 0 |a ADA (Fort Bliss, Tex.) 
210 0 |a ADA  |b (Fort Bliss Tex.) 
222 0 |a ADA  |b (Fort Bliss, Tex.) 
245 1 0 |a ADA  |h [electronic resource]. 
246 1 |i Some issues also have full form of title:  |a Air defense artillery 
246 1 7 |a ADA magazine  |f <Sept.-Oct. 1991-July-Aug. 1992> 
260 |a Fort Bliss, TX :  |b U.S. Army Air Defense Artillery School 
310 |a Quarterly,  |b 1996-1997 
321 |a Bimonthly,  |b 199 -1995 
362 1 |a Ceased with Oct.-Nov.-Dec. 1997 issue. 
490 1 |a HQDA PB 
506 |a License restrictions may limit access. 
515 |a Vols. for 1991-199 May-June issue of each year called "yearbook" and has limited distribution. 
580 |a Continued online in 1998 by: ADA magazine online. 
588 |a Description based on: Jan.-Feb. 1991; title from cover. 
588 |a Latest issue consulted: Apr.-May-June 1997. 
650 0 |a Antiaircraft artillery  |v Periodicals. 
650 7 |a Antiaircraft artillery.  |2 fast  |0 (OCoLC)fst00810383 
655 0 |a Electronic journals. 
710 2 |a U.S. Army Air Defense Artillery School. 
780 0 0 |t Air defense artillery  |x 0740-803X  |w (DLC) 83646351  |w (OCoLC)9482828 
785 1 0 |t ADA magazine online  |w (DLC)sn 99028002  |w (OCoLC)40695435 
830 0 |a PB (United States. Army) 
850 |a DLC 
856 4 0 |z Full text available from Research Library: 10/01/1997 to 10/31/1997  |u https://search.proquest.com/publication/12765